<?xml version="1.0" encoding="UTF-8"?>
<collection xmlns="http://www.loc.gov/MARC21/slim">
  <record>
    <leader>00000nam  2200000   4500</leader>
    <controlfield tag="001">INLIS000000000018622</controlfield>
    <controlfield tag="005">20241129023027</controlfield>
    <datafield tag="035" ind1="#" ind2="#">
      <subfield code="a">0010-1124000288</subfield>
    </datafield>
    <controlfield tag="007">ta</controlfield>
    <controlfield tag="008">241129###########################0######</controlfield>
    <datafield tag="245" ind1="#" ind2="#">
      <subfield code="a">PELAJAR KUAT :</subfield>
      <subfield code="b">Penyusunan Modul Ajar Praktikum Sistem Basis Data /</subfield>
      <subfield code="c">Anas, M.Kom</subfield>
    </datafield>
    <datafield tag="260" ind1="#" ind2="#">
      <subfield code="a">Makassar :</subfield>
      <subfield code="b">Puslatbang KMP RI LAN Makassar,</subfield>
      <subfield code="c">2024</subfield>
    </datafield>
    <datafield tag="300" ind1="#" ind2="#">
      <subfield code="a">32 ;</subfield>
      <subfield code="c">30</subfield>
    </datafield>
    <datafield tag="650" ind1="#" ind2="4">
      <subfield code="a">Untuk meningkatkan pemahaman konsep dan keterampilan mahasiswa melalui pendekatan praktikum yang aplikatif</subfield>
    </datafield>
    <datafield tag="700" ind1=" " ind2="#">
      <subfield code="a">Prof. Dr. Eng. Intan Sari Areni, ST., MT (Mentor)</subfield>
    </datafield>
    <datafield tag="700" ind1=" " ind2="#">
      <subfield code="a">Wahyuni Fajaruddin, S.H., M.H. (Coach)</subfield>
    </datafield>
    <datafield tag="520" ind1="#" ind2="#">
      <subfield code="a">Abstrak ini menguraikan proses aktualisasi Calon Pegawai Negeri Sipil (CPNS) dalam kegiatan penyusunan modul praktikum Sistem Basis Data. Tujuan dari kegiatan ini adalah untuk menyediakan bahan ajar yanglebih komprehensif, terstruktur, dan mudah dipahami oleh mahasiswa yang mempelajari mata kuliah Pengantar Basis Data Modul ini dirancang untuk meningkatkan pemahaman konsep dan keterampilan mahasiswa melalui pendekatan praktikum yang aplikatif. Proses penyusunannya. melibatkan langkah-langkah kolaboratif, seperti pengumpulan referensi, diskusi dengan dosen ahli, serta pengujian validitas modul melalui uji coba di kelas. Aktualisasi ini diharapkan dapat mendukung peningkatan kualitas pendidikan dan efektivitas pembelajaran dalam bidang Teknologi di institusi pendidikan tinggi.</subfield>
    </datafield>
    <datafield tag="856" ind1="#" ind2="#">
      <subfield code="a">PUSLATBANG KMP LAN RI Makassar</subfield>
    </datafield>
  </record>
</collection>
